La Polis y la expansi贸n colonial griega. Siglos VIII-VI (Record no. 35393)

MARC details
000 -LEADER
campo de control de longitud fija 00335nam a2200121Ia 4500
005 - FECHA Y HORA DE LA 脷LTIMA TRANSACCI脫N
campo de control 20251222154404.0
008 - DATOS DE LONGITUD FIJA--INFORMACI脫N GENERAL
campo de control de longitud fija 251222s9999||||xx |||||||||||||| ||spa||
020 ## - N脷MERO INTERNACIONAL EST脕NDAR DEL LIBRO
N煤mero Internacional Est谩ndar del Libro 84-7738-108-9
082 ## - N脷MERO DE LA CLASIFICACI脫N DECIMAL DEWEY
N煤mero de clasificaci贸n 938.08/D88
100 ## - ENTRADA PRINCIPAL--NOMBRE DE PERSONA
Nombre de persona "Dominguez Monedero, Adolfo J."
245 #0 - MENCI脫N DEL T脥TULO
T铆tulo La Polis y la expansi贸n colonial griega. Siglos VIII-VI
942 ## - ELEMENTOS DE ENTRADA SECUNDARIOS (KOHA)
Tipo de 铆tem Koha Libros
Holdings
Estatus retirado Estado de p茅rdida Estado de da帽o No para pr茅stamo Biblioteca de origen Biblioteca actual Ubicaci贸n en estanter铆a Fecha de adquisici贸n Total de pr茅stamos Signatura topogr谩fica completa C贸digo de barras Visto por 煤ltima vez Precio de reemplazo Tipo de 铆tem Koha
        Biblioteca Tarma Biblioteca Tarma Programa 22/12/2025   938.08/D88 0023970 22/12/2025 22/12/2025 Libros